Musiker aus Bayern - Statistiken

Allgemein
  • Dieses Quiz wurde 202 mal gespielt
  • Das Durchschnittsergebnis liegt bei 5 aus 25
Antwortstatistiken
Songs Musiker/Band % Korrekt
Skandal im Sperrbezirk | Schickeria Spider Murphy Gang
81%
Ein Kompliment | Applaus, Applaus Sportfreunde Stiller
74%
Auf uns | Auf anderen Wegen Andreas Bourani
58%
Mambo No. 5 (A Little Bit Of …) | Sweet Like Cola Lou Bega
57%
Fiesta Mexicana | Speedy Gonzales Rex Gildo
44%
Ganz in weiß | Schön ist es auf der Welt zu sein Roy Black
44%
Rock mi | I mog di so VoXXclub
29%
Axel F | Top Gun Anthem Harold Faltermeyer
22%
I Still Burn | Irgendwo da draußen Tobias Regner
16%
Nackert | Autobahn LaBrassBanda
15%
Verteidiger des Blödsinns | Ein guter Tag zum Sterben J.B.O.
12%
Somewhere Over The Rainbow | It Takes Me Away Marusha
12%
So a saudummer Tag | Was keiner wagt Konstantin Wecker
11%
Federkleid | Tanz mit mir Faun
10%
Lass sie tanzen | Von den fernen Bergen Ali As
9%
Wir wollen niemals auseinandergehn | Hundert Mann und ein Befehl Heidi Brühl
9%
Ich kann auch ohne dich | Richtig scheiße (auf ’ne schöne Art und Weise) Killerpilze
9%
Simple Man | Heart Of Stone Andreas Kümmert
6%
The Jaws Of Oblivion | Take On Me Emil Bulls
6%
Euch zum Geleit | Der Teufel... Schandmaul
6%
Verrückt | Zwischen uns Eisbrecher
5%
Flames Of Love | Slice Me Nice Fancy
5%
SoLaLa | Rave On Blumentopf
4%
Easy To Love | Why Pourquoi? Slut
2%
Loneliness | Sure Shot Tomcraft
2%
Keine übereinstimmenden Quizze gefunden
Verteilung der Resultate
Anzahl Personen mit jedem Resultat
Perzentil nach korrekt beantworteten Fragen
Ihre Resultats-Entwicklung
Sie haben dieses Quiz noch nicht gespielt